| 000 | 00365nam a2200157Ia 4500 | ||
|---|---|---|---|
| 005 | 20250603144814.0 | ||
| 008 | 250603s9999 xx 000 0 und d | ||
| 020 | _a0071454241 | ||
| 050 | _aTK 5102 .9 .A58/ | ||
| 100 | _aAntoniou, Andreas | ||
| 245 | 0 | _aDigital signal processing | |
| 260 | _bMCGraw- Hill | ||
| 260 | _c2006 | ||
| 300 | _a965 p | ||
| 942 | _cBK | ||
| 999 |
_c40004 _d40004 |
||